Statistics for NBA Players from Arizona State

Click here to take the quiz!

General Stats

  • This quiz has been taken 16 times
    (7 since last reset)
  • The average score is 5 of 31

Answer Stats

PositionPlayerDraft Year% Correct
SGJames Harden2009
100%
PGLuguentz Dort2019
60%
SGByron Scott1983
40%
GEddie House2000
40%
PGFat Lever1982
40%
GFAwvee Storey2002
20%
GChet McNabb1947
20%
GFreddie Lewis1966
20%
FCJeff Ayres2009
20%
SFJim Owens1973
20%
GFJoe Caldwell1964
20%
SGJosh Christopher2021
20%
GLionel Hollins1975
20%
FCMario Bennett1995
20%
FSam Williams1981
20%
SGStevin Smith1994
20%
FCAlton Lister1981
0%
SFCarrick Felix2013
0%
PFDennis Hamilton1966
0%
CIke Austin1991
0%
PFIke Diogu2005
0%
FCKurt Nimphius1980
0%
FCMark Landsberger1977
0%
FMike Batiste2000
0%
GPaul Stovall1972
0%
SGRob Edwards2020
0%
SGRudy White1975
0%
SFSam Mack1992
0%
FCScott Lloyd1976
0%
SFTony Zeno1979
0%
SFZylan Cheatham2019
0%

Score Distribution

Percentile by Number Answered

Percent of People with Each Score

Your Score History

You have not taken this quiz since the last reset